01242nam a2200241Ia 450000100060000000300090000600800410001504000130005604000130006904100130008210000220009510000290011724501250014624501250027125000110039626000090040726000120041626000490042830000570047750004080053465000270094265000310096996200IT-RoPAU130308s9999 xx 000 0 und d aIT-RoPAU cIT-RoPAU aITALIANO aGiacovelli Enrico gCodice Aut. SPICS: 21321 aCommedia del desiderio (La)-Il linguaggio, i miti, i meccanismi comici, i luoghi comuni, i misteri, i personaggi, la Fil bCommedia del Desiderio (La)-Il Linguaggio, I Miti, I Meccanismi Comici, I luoghi Comuni, I Misteri, I Personaggi, la Fil a1a ed. aROMA bGremese c1991 [1° Ed.:1991 - Ed.Ling.Originale:1991] a"222 p. (prefazione: no ; testo: 222 [pagine: 0-0])" aFilosofia della commedia Sofisticata Americana 1930 1945 Introduzione Alla commedia Sofisticata commedia e Altri Generi Genere Come Stile Struttura della commedia Sofisticata Elementi Stilistici e Narrativi della commedia Sofisticata commedia del Desiderio commedia del Lusso e dell'Apparenza commedia dell'esclusione Personaggi e Società Filmografia 250 commedie Sofisticate 1931 1944 indice dei Film aGENERI CINEMATOGRAFICI eCodice materia Spics: 6810